| 000 -LEADER |
| fixed length control field |
01220pam a2200385 i 4500 |
| 001 - CONTROL NUMBER |
| control field |
017912236 |
| 003 - CONTROL NUMBER IDENTIFIER |
| control field |
Uk |
| 005 - DATE AND TIME OF LATEST TRANSACTION |
| control field |
20191205113849.0 |
| 008 - FIXED-LENGTH DATA ELEMENTS--GENERAL INFORMATION |
| fixed length control field |
160517s2016 enk 000|1|eng|d |
| 015 ## - NATIONAL BIBLIOGRAPHY NUMBER |
| National bibliography number |
GBB691297 |
| Source |
bnb |
| 016 7# - NATIONAL BIBLIOGRAPHIC AGENCY CONTROL NUMBER |
| Record control number |
017912236 |
| Source |
Uk |
| 020 ## - INTERNATIONAL STANDARD BOOK NUMBER |
| International Standard Book Number |
9781509808373 (pbk.) : |
| 040 ## - CATALOGING SOURCE |
| Original cataloging agency |
StDuBDS |
| Language of cataloging |
eng |
| Transcribing agency |
StDuBDS |
| Modifying agency |
Uk |
| Description conventions |
rda |
| 042 ## - AUTHENTICATION CODE |
| Authentication code |
ukblcatcopy |
| 082 ## - DEWEY DECIMAL CLASSIFICATION NUMBER |
| Classification number |
FIC ADA |
| 100 1# - MAIN ENTRY--PERSONAL NAME |
| Personal name |
Adams, Douglas, |
| Dates associated with a name |
1952-2001, |
| Relator term |
author. |
| 245 10 - TITLE STATEMENT |
| Title |
Life, the universe and everything / |
| Statement of responsibility, etc. |
Douglas Adams ; foreword by Simon Brett. |
| 250 ## - EDITION STATEMENT |
| Edition statement |
[New] edition. |
| 264 #1 - PRODUCTION, PUBLICATION, DISTRIBUTION, MANUFACTURE, AND COPYRIGHT NOTICE |
| Place of production, publication, distribution, manufacture |
London : |
| Name of producer, publisher, distributor, manufacturer |
Pan Books, |
| Date of production, publication, distribution, manufacture, or copyright notice |
2016. |
| 264 #4 - PRODUCTION, PUBLICATION, DISTRIBUTION, MANUFACTURE, AND COPYRIGHT NOTICE |
| Date of production, publication, distribution, manufacture, or copyright notice |
©1982, 2009 |
| 300 ## - PHYSICAL DESCRIPTION |
| Extent |
ix, 221 pages ; |
| Dimensions |
20 cm. |
| 336 ## - CONTENT TYPE |
| Content type term |
text |
| Source |
rdacontent |
| 337 ## - MEDIA TYPE |
| Media type term |
unmediated |
| Source |
rdamedia |
| 338 ## - CARRIER TYPE |
| Carrier type term |
volume |
| Source |
rdacarrier |
| 490 0# - SERIES STATEMENT |
| Series statement |
The hitchhiker series ; |
| Volume/sequential designation |
volume 3 |
| 500 ## - GENERAL NOTE |
| General note |
Previous edition: 2009. |
| 500 ## - GENERAL NOTE |
| General note |
Includes material from the Douglas Adams archives. |
| 500 ## - GENERAL NOTE |
| General note |
Formerly CIP. |
| Institution to which field applies |
Uk |
| 600 10 - SUBJECT ADDED ENTRY--PERSONAL NAME |
| Personal name |
Dent, Arthur |
| Titles and other words associated with a name |
(Fictitious character) |
| Form subdivision |
Fiction. |
| 600 10 - SUBJECT ADDED ENTRY--PERSONAL NAME |
| Personal name |
Prefect, Ford |
| Form subdivision |
Fiction. |
| 655 #0 - INDEX TERM--GENRE/FORM |
| Genre/form data or focus term |
Science fiction. |
| 700 ## - ADDED ENTRY--PERSONAL NAME |
| Personal name |
Brett, Simon |
| Relator term |
Writer of foreword |
| 942 ## - ADDED ENTRY ELEMENTS (KOHA) |
| Source of classification or shelving scheme |
|
| Koha item type |
Books - Fiction |